| 000 | 00863cam a2200241 4500 | ||
|---|---|---|---|
| 001 | WB3642-02 | ||
| 008 | 000000n2000 000 0 eng u | ||
| 035 | _a(Sirsi) u108915 | ||
| 245 | _aVirtual company pilots | ||
| 260 | _c2000 | ||
| 490 |
_aContract Journal _v18 October 2000, 1(1) |
||
| 520 | _aBAA, the NHS and Atomic Weapons Establishment (AWE) are to test the concept of virtual company partnering in future projects. Virtual companies are set up for the duration of projects and bring together clients, designers, contractors and suppliers as shareholders in a no-blame culture. | ||
| 590 | _aWB | ||
| 650 | _aBAA | ||
| 650 | _aNHS | ||
| 650 | _aATOMIC WEAPONS ESTABLISHMENT | ||
| 650 | _aVIRTUAL COMPANIES | ||
| 650 | _aPARTNERING | ||
| 650 | _aPROJECT TEAMS | ||
| 650 | _aPROJECT INSURANCE | ||
| 690 |
_aProcurement _96260 |
||
| 942 | _n0 | ||
| 999 |
_c65024 _d65024 |
||